000 00851nam a2200253Ia 4500
003 OSt
005 20221005111125.0
006 a|||||r|||| 00| 0
007 ta
008 221004b |||||||| |||| 00| 0 hin d
020 _a8181435923 (hbk)
_c300
024 _a104638
037 _b372, 17/02/2011, Vani Prakashan
_cTextual
040 _aCRL
_cCRL
_bhin
041 _2hin
_ahin
082 _aO152,6N70x, P6
100 _aकृष्णमोहन
245 0 _aआधुनिकता और उपनिवेश
246 _aĀdhunikatā aur upanivesha
260 _aनई दिल्ली
_bवाणी प्रकाशन भारत
_c2006
300 _a295पृ0
_ccm.
942 _hO152,6N70x, P6
_cTEXL
_2cc
999 _c1020887
_d1020887